Marketing : (Record no. 99810)

MARC details
000 -LEADER
fixed length control field 00665nam a22002297a 4500
003 - CONTROL NUMBER IDENTIFIER
control field URS
005 - DATE AND TIME OF LATEST TRANSACTION
control field 20260413131353.0
008 - FIXED-LENGTH DATA ELEMENTS--GENERAL INFORMATION
fixed length control field 260413b |||||||| |||| 00| 0 eng d
020 ## - INTERNATIONAL STANDARD BOOK NUMBER
International Standard Book Number 9781266269189
040 ## - CATALOGING SOURCE
Transcribing agency URS
050 ## - LIBRARY OF CONGRESS CALL NUMBER
Classification number HF 5415
Item number .H9111 2024
100 ## - MAIN ENTRY--PERSONAL NAME
Personal name Hunt, Shane C.
245 ## - TITLE STATEMENT
Title Marketing :
Statement of responsibility, etc Shane C. Hunt, John E. Mello, George D. Deitz.
250 ## - EDITION STATEMENT
Edition statement Fourth Edition.--
264 ## - PUBLICATION, DISTRIBUTION, ETC. (IMPRINT)
Place of publication, distribution, etc New York :
Name of publisher, distributor, etc McGraw Hill LCC,
Date of publication, distribution, etc ©2024.
300 ## - PHYSICAL DESCRIPTION
Extent xxxvii, 616 pages :
Other physical details illustrations ;
Dimensions 28 cm.
504 ## - BIBLIOGRAPHY, ETC. NOTE
Bibliography, etc Includes bibliographical references.
650 ## - SUBJECT ADDED ENTRY--TOPICAL TERM
Topical term or geographic name as entry element Marketing.
700 ## - ADDED ENTRY--PERSONAL NAME
Personal name Mello, John E.
700 ## - ADDED ENTRY--PERSONAL NAME
Personal name Deitz, George D.
942 ## - ADDED ENTRY ELEMENTS (KOHA)
Source of classification or shelving scheme Library of Congress Classification
Koha item type Foreign Books
Holdings
Withdrawn status Lost status Source of classification or shelving scheme Damaged status Not for loan Collection code Home library Current library Shelving location Date acquired Source of acquisition Total Checkouts Full call number Barcode Date last seen Copy number Price effective from Koha item type
    Library of Congress Classification     Non-fiction Antipolo College Library Antipolo College Library Foreign Section 01/07/2025 Purchased   HF 5415 .H9111 2024 URSANT-06124 04/13/2026 1 04/13/2026 Foreign Books

University of Rizal System
Email us at univlibservices@urs.edu.ph

Visit our Website www.urs.edu.ph/library